| 000 | 00487nam a2200193 a 4500 | ||
|---|---|---|---|
| 001 | 1765524280703 | ||
| 003 | ACL | ||
| 005 | 20251212125650.0 | ||
| 008 | 251212s2002##################000#0#eng## | ||
| 020 | _a9780521808774 | ||
| 082 | 0 | 4 |
_a636.1322094 _bCAS |
| 100 | 1 |
_aCassidy, Rebecca, _eauthor. |
|
| 245 | 1 | 0 | _aThe Sport of Kings : |
| 260 |
_bCambridge University Press, _c2002. |
||
| 300 | _a200 pages | ||
| 650 | 0 | _aSocial Science. | |
| 942 | _cENGLISH | ||
| 040 |
_aACL _beng _cACL |
||
| 999 |
_c602224 _d602224 |
||